Zváranie hliníkových zliatin laserovým lúčom

Na minha lista:
Detalhes bibliográficos
Autor principal: Gaban, David (Author)
Outros Autores: Bárta, Jozef (Thesis advisor)
Formato: Manuscrito Livro
Idioma:eslovaco
Publicado em: 2023
Assuntos:
Acesso em linha:http://is.stuba.sk/zp/portal_zp.pl?podrobnosti=148187
Tags: Adicionar Tag
Sem tags, seja o primeiro a adicionar uma tag!

MARC

LEADER 00000ntm a22000003a 4500
001 stuzp84530
003 SK-STU
005 20230909210726.6
007 ta
008 150427s2015----xo-----f-mn---000-0-slo-d
040 |a STU  |b slo 
041 0 |a slo 
100 1 |a Gaban, David  |u 063000  |4 aut  |U MTF Materiálovotechnologická fakulta  |T MTF Ústav výrobných technológií  |X 54695  |U M3000  |Y 83  |7 54695 
242 0 1 |a Laser weding of aluminium alloys  |y eng 
245 1 0 |a Zváranie hliníkových zliatin laserovým lúčom 
260 |c 2023 
650 4 |a hliníkové zliatiny  |2 slo 
650 4 |a laserovézváranie  |2 slo 
650 4 |a chyby zvarových spojov  |2 slo 
650 4 |a hliník  |2 slo 
650 4 |a aluminium  |2 eng 
650 4 |a aluminium alloys  |2 eng 
650 4 |a laser beam welding  |2 eng 
650 4 |a weld deffects  |2 eng 
700 1 |a Bárta, Jozef  |u 063100  |k Z1  |4 ths  |U MTF Ústav výrobných technológií  |T MTF Katedra zvárania a spájania materiálov  |X 27522  |U M3100  |Y 162  |7 A000027522 
856 4 |u http://is.stuba.sk/zp/portal_zp.pl?podrobnosti=148187